000 00636nam a2200241Ia 4500
003 OSt
005 20221006151741.0
006 a|||||r|||| 00| 0
007 ta
008 221006b |||||||| |||| 00| 0 eng d
020 _c202.00(each)
024 _a23,229
037 _cTextual
040 _aEASL
_cEASL
_beng
041 _2eng
_aeng
082 _aX.41.49, M1
100 _aBARNETT A Doak
245 0 _aChina's economy in global perspective
260 _aWashington
_bBrookings Institution
_c1981
300 _a752p.
_ccm.
942 _hX.41.49, M1
_cTEXL
_2CC
999 _c1091315
_d1091315